Bronchial Asthma : (Record no. 13250)
[ view plain ]
| 000 -LEADER | |
|---|---|
| fixed length control field | 00842nam a22002291a 4500 |
| 001 - CONTROL NUMBER | |
| control field | 13250 |
| 003 - CONTROL NUMBER IDENTIFIER | |
| rucl marc code | BD-RjUL |
| 005 - DATE AND TIME OF LATEST TRANSACTION | |
| control field | 20211208235427.0 |
| 008 - FIXED-LENGTH DATA ELEMENTS--GENERAL INFORMATION | |
| fixed length control field | 140130s1959 enk 000 0 d |
| 035 ## - SYSTEM CONTROL NUMBER | |
| System control number | (BD-RjUL)13301 |
| 040 ## - CATALOGING SOURCE | |
| Original cataloging agency | ABN:1 |
| Language of cataloging | eng |
| Transcribing agency | ABN:1 |
| Modifying agency | ABN:1 |
| -- | BD-RjUL |
| 041 ## - LANGUAGE CODE | |
| Language code of text/sound track or separate title | eng |
| 082 04 - DEWEY DECIMAL CLASSIFICATION NUMBER | |
| Classification number | 616.238 |
| Author mark and year | BRO 1959 |
| Edition number | 23 |
| 245 00 - TITLE STATEMENT | |
| Title | Bronchial Asthma : |
| Remainder of title | a symposium. Report of a meeting held on 25th February 1959 at the Royal Society of Medicine, Wimpole Street, London / |
| Statement of responsibility, etc. | Chairman: J. L. Livingstone [and] Sir Geoffrey Manshall. |
| 260 ## - PUBLICATION, DISTRIBUTION, ETC. (IMPRINT) | |
| Place of publication, distribution, etc. | London : |
| Name of publisher, distributor, etc. | Chest and Heart Association, |
| Date of publication, distribution, etc. | 1959. |
| 300 ## - PHYSICAL DESCRIPTION | |
| Pagination | 96 p. : |
| Illustrations | ill.; |
| Size | 20 cm. |
| 650 #0 - SUBJECT ADDED ENTRY--TOPICAL TERM | |
| Topical term or geographic name as entry element | Asthma. |
| 9 (RLIN) | 41263 |
| 700 1# - ADDED ENTRY--PERSONAL NAME | |
| Personal name | Livingstone, J. L. |
| 710 2# - ADDED ENTRY--CORPORATE NAME | |
| Corporate name or jurisdiction name as entry element | Royal Society of Medicine (Great Britain) |
| 9 (RLIN) | 41265 |
| Corporate name or jurisdiction name as entry element | Chest and Heart Association. |
| 9 (RLIN) | 39157 |
| 942 ## - ADDED ENTRY ELEMENTS (KOHA) | |
| Source of classification or shelving scheme | Dewey Decimal Classification |
| Koha item type | Books |
| Lost status | Source of classification or shelving scheme | Damaged status | Not for loan | Collection code | Permanent Location | Current Location | Shelving location | Date acquired | Source of acquisition | Total Checkouts | Full call number | Date last seen | Copy number | Koha item type |
|---|---|---|---|---|---|---|---|---|---|---|---|---|---|---|
| Dewey Decimal Classification | Not For Loan | Non-fiction | Central Library, University of Rajshahi | Central Library, University of Rajshahi | Reading Room | 31/05/1966 | Chest & Heart Ass., Gift | 616.238 BRO 1959 | 30/01/2014 | C-1 | Books |